Statistics for Every song on Think Later

Click here to take the quiz!

General Stats

  • This quiz has been taken 3 times
  • The average score is 12 of 14

Answer Stats

Answer% Correct
Track 9calgary
100%
Track 1cut my hair
100%
Track 7exes
100%
Track 2greedy
100%
Track 12guilty conscience
100%
Track 10messier
100%
Track 14plastic palm trees
100%
Track 6stay done
100%
Track 11think later
100%
Track 5grave
67%
Track 4hurt my feelings
67%
Track 3run for the hills
67%
Track 13want that too
33%
Track 8we're not alike
33%

Score Distribution

Percentile by Number Answered

Percent of People with Each Score

Your Score History

You have not taken this quiz